| 000 | 00571nam a2200205 i 4500 | ||
|---|---|---|---|
| 001 | 99190 | ||
| 003 | ES-MaACL | ||
| 005 | 20251119063119.0 | ||
| 007 | t| | ||
| 008 | 050902s1907 fr ||||1| fre d | ||
| 100 | 0 |
_aMartin, Jules, _cAbbé _977333 |
|
| 245 | 1 | 0 |
_aSaint Augustin / _cpar l'Abbé Jules Martin. |
| 250 | _a2ª ed. | ||
| 260 |
_aParis : _bFélix Alcan, _c1907. |
||
| 300 |
_aXVI, 403 p. ; _c22 cm. |
||
| 490 | 1 | _aLes grandes philophes | |
| 830 | 0 | 4 |
_aLes grandes philosophes _9185740 |
| 852 |
_aES-MaACL _jD-1643 |
||
| 999 |
_c99190 _d99190 |
||